| 000 | 00597nam a2200181Ia 4500 | ||
|---|---|---|---|
| 003 | 0 | ||
| 005 | 20231025092411.0 | ||
| 008 | 140724s9999 xx 000 0 und d | ||
| 050 |
_aRC 552 _b.B33 2023 |
||
| 100 | _aBadua, Khasmyr Paycee | ||
| 245 |
_aStress tolerance and psychological vulnerability of graveyard shift call center agents _cBadua, Khasmyr Paycee. |
||
| 260 |
_aLas PiƱas, Philippines : _bSouthville International School and Colleges, _cc2023. |
||
| 300 |
_a180 p. : _bill. ; _c28 cm. |
||
| 500 | _aStress tolerance. | ||
| 521 | _aPsychology | ||
| 942 |
_cTH _2lcc |
||
| 999 |
_c228914 _d228914 |
||